Mechanics of materials (Record no. 7098)

000 -LEADER
fixed length control field 00515nam a2200193 a 4500
001 - CONTROL NUMBER
control field 7098
003 - CONTROL NUMBER IDENTIFIER
control field BD-DhUET
008 - FIXED-LENGTH DATA ELEMENTS--GENERAL INFORMATION
fixed length control field 900618s1991 nyua 001 0 eng
040 ## - CATALOGING SOURCE
Original cataloging agency DLC
Transcribing agency DLC
Modifying agency BD-DhUET
082 00 - DEWEY DECIMAL CLASSIFICATION NUMBER
Classification number 620.11
Item number LAU/1954
100 ## - MAIN ENTRY--PERSONAL NAME
Personal name Laurson,Philip Gustave
245 10 - TITLE STATEMENT
Title Mechanics of materials
250 ## - EDITION STATEMENT
Edition statement 3rd ed.
260 ## - PUBLICATION, DISTRIBUTION, ETC. (IMPRINT)
Place of publication, distribution, etc. New York
Name of publisher, distributor, etc. John wiley & sons
Date of publication, distribution, etc. 1954
300 ## - PHYSICAL DESCRIPTION
Extent vii, 414 p.
Other physical details ill.
Dimensions 25 cm.
650 #0 - SUBJECT ADDED ENTRY--TOPICAL TERM
Topical term or geographic name as entry element Strength of materials engineering
700 ## - ADDED ENTRY--PERSONAL NAME
Personal name Cox, William Junkin
942 ## - ADDED ENTRY ELEMENTS (KOHA)
Koha item type General Book
Holdings
Location (home branch) Date acquired Koha item type Piece designation (barcode) Damaged status Source of classification or shelving scheme Withdrawn status Sublocation or collection (holding branch) Koha full call number Not for loan Koha issues (times borrowed) Lost status Koha normalized classification for sorting Shelving location Koha date last seen Price effective from Copy number Koha date last borrowed
Central Library, BUET2014-12-07General Book74309   Central Library, BUET620.11/LAU/1954 1 620_000000000000000_11LAU1954Circulation section2019-12-042014-12-0712019-10-30
Central Library, BUET2014-12-07General Book74310   Central Library, BUET620.11/LAU/1954   620_000000000000000_11LAU1954Circulation section2014-12-072014-12-072 
Central Library, BUET2015-03-30General Book17491   Central Library, BUET620.11/LAU/1954   620_110000000000000_LAU_1954Circulation section2015-03-302015-03-303 
Central Library, BUET2015-04-30General Book54025   Central Library, BUET620.11/LAU/1954   620_110000000000000_LAU_1954Circulation section2015-04-302015-04-304 
Central Library, BUET2015-04-30General Book54027   Central Library, BUET620.11/LAU/1954   620_110000000000000_LAU_1954Circulation section2015-04-302015-04-305 
Central Library, BUET2015-06-20Reading Item54022   Central Library, BUET620.11/LAU/1964   620_110000000000000_LAU_1964Reading section2015-06-202015-06-206 
Central Library, BUET2015-06-20Reading Item54018   Central Library, BUET620.11/LAU/1964   620_110000000000000_LAU_1964Reading section2015-06-202015-06-207 
Central Library, BUET2015-06-29Reading Item54028   Central Library, BUET620.11/LAU/1954   620_110000000000000_LAU_1954Reading section2015-06-292015-06-298 
Central Library, BUET2015-06-29Reading Item54019   Central Library, BUET620.11/LAU/1964   620_110000000000000_LAU_1964Reading section2015-06-292015-06-299 
Central Library, BUET2015-06-29Reading Item54020   Central Library, BUET620.11/LAU/1964   620_110000000000000_LAU_1964Reading section2015-06-292015-06-2910 
Central Library, BUET2015-07-01Reading Item54014   Central Library, BUET620.11/LAU/1954   620_110000000000000_LAU_1954Reading section2015-07-012015-07-0111